| 000 | 01398cam a2200361 i 4500 | ||
|---|---|---|---|
| 999 |
_c9362 _d9362 |
||
| 001 | 22349877 | ||
| 003 | GBCCL | ||
| 005 | 20241126110710.0 | ||
| 007 | cr ||||||||||| | ||
| 008 | 140829s2013 tnu ob 001 0 eng | ||
| 010 | _a 2020756897 | ||
| 020 |
_a9780310119531 _qebook |
||
| 020 |
_z9781401676216 _qpbk. |
||
| 040 |
_aDLC _beng _erda _epn _cDLC |
||
| 050 | 0 | 0 | _aBS2825.3 |
| 082 |
_a228.07 _bGRE |
||
| 100 | 1 |
_aGregg, Steve, _d1953- _916312 |
|
| 245 | 1 | 0 |
_aRevelation, four views : _ba parallel commentary / _cSteve Gregg ; foreword by Dr. Robert G. Clouse. |
| 250 | _aRevised & updated. | ||
| 264 | 1 |
_aNashville : _bThomas Nelson, _c[2013] |
|
| 300 | _a1 online resource (606 pages) | ||
| 336 |
_atext _btxt _2rdacontent |
||
| 337 |
_acomputer _bc _2rdamedia |
||
| 338 |
_aonline resource _bcr _2rdacarrier |
||
| 500 | _aRevision of: Revelation, four views / edited by Steve Gregg. 1997. | ||
| 504 | _aIncludes bibliographical references (pages 577-579) and indexes. | ||
| 588 | _aDescription based on print version record and CIP data provided by publisher; resource not viewed. | ||
| 630 | 0 | 0 |
_aBible. _pRevelation _vCommentaries. _9873 |
| 776 | 0 | 8 |
_iPrint version: _tRevelation, four views _dNashville : Thomas Nelson, [2013] _z9781401676216 (pbk.) _w(DLC) 2014415578 |
| 906 |
_a0 _bcbc _corigcop _d1 _eecip _f20 _gy-gencatlg |
||
| 942 |
_2ddc _cBK _07 |
||